000 00489nam a2200181 a 4500
001 13654
003 CO-ViMGA
008 141112s2004 ck r 000 u spa d
040 _aCO-ViMGA
_bspa
_cCO-ViMGA
082 0 4 _a333.7 B673e
100 1 _aBotero, Margarita Marino de
_919919
245 1 0 _aEcodesarrollo :
_bel pensamiento del decenio
260 _aBogotá :
_bInderena,
_c1983
300 _a588
650 1 4 _aMEDIO AMBIENTE
650 1 4 _aRECURSOS NATURALES
_919920
942 _2ddc
_cBK
999 _c24378
_d24378